000 00910nam a2200265Ia 4500
003 GCL
008 140319s9999 xx 000 0 ara d
040 _aGCL /
_cGCL
082 0 4 _a621.38
_bج ا
100 1 _aجراف، هاينز
245 1 0 _aاساسيات الهندسة الكهربائية(ج1 , ج2 ) /
_cجراف، هاينز
700 1 _aادوار يوسف قاضى
700 1 _aاحمد مختار شافعى
260 _a[S.N] :
_bمؤسسة الاهرام
300 _aمتعدد
490 _aالاسس التكنولوجية
_v0
650 0 4 _aالاتصالات السلكية واللاسلكية
650 0 4 _aالطاقة الكهربائية
650 0 4 _aالهندسة الكهربية
650 0 4 _aالطاقة الميكانيكية
650 0 4 _aالطاقة الكيميائية
650 0 4 _aالمحركات
650 0 4 _aالاشارات
942 _2ddc
_cBK
999 _c54396
_d54396